[Event "Agen 2017 - Open B"]
[Site "?"]
[Date "2017.08.24"]
[Round "6.2"]
[White "Ballan, Guillaume"]
[Black "Buisson, Lionel"]
[Result "1/2-1/2"]
[LiveChessVersion "1.4.8"]
[BlackElo "1976"]
[WhiteElo "1927"]

1. e4 {[%clk 1:30:50]} e5 {[%clk 1:30:51]} 2. Nf3 {[%clk 1:31:12]} Nc6
{[%clk 1:31:13]} 3. Bc4 {[%clk 1:31:01]} Bc5 {[%clk 1:31:34]} 4. c3
{[%clk 1:30:57]} Nf6 {[%clk 1:31:50]} 5. d4 {[%clk 1:31:04]} exd4
{[%clk 1:32:16]} 6. cxd4 {[%clk 1:31:27]} Bb4+ {[%clk 1:32:38]} 7. Bd2
{[%clk 1:31:37]} Bxd2+ {[%clk 1:32:01]} 8. Nbxd2 {[%clk 1:31:58]} d5
{[%clk 1:32:12]} 9. exd5 {[%clk 1:31:46]} Nxd5 {[%clk 1:32:40]} 10. Qb3
{[%clk 1:31:26]} Nce7 {[%clk 1:30:04]} 11. O-O {[%clk 1:30:29]} O-O
{[%clk 1:27:59]} 12. Rfe1 {[%clk 1:25:53]} c6 {[%clk 1:17:02]} 13. a4
{[%clk 1:25:14]} a5 {[%clk 1:07:27]} 14. Ne4 {[%clk 1:11:08]} Nb4
{[%clk 0:52:30]} 15. Neg5 {[%clk 1:04:39]} Ned5 {[%clk 0:51:07]} 16. Bxd5
{[%clk 1:02:21]} Qxd5 {[%clk 0:48:53]} 17. Qxd5 {[%clk 1:02:23]} Nxd5
{[%clk 0:45:49]} 18. Ne4 {[%clk 0:57:55]} h6 {[%clk 0:34:19]} 19. Nc3
{[%clk 0:55:54]} Be6 {[%clk 0:26:08]} 20. Nxd5 {[%clk 0:53:47]} Bxd5
{[%clk 0:24:07]} 21. Re7 {[%clk 0:53:51]} Rab8 {[%clk 0:22:13]} 22. Nd2
{[%clk 0:47:03]} Rfd8 {[%clk 0:19:09]} 23. f4 {[%clk 0:39:03]} Be6
{[%clk 0:15:18]} 24. Nf3 {[%clk 0:38:57]} Kf8 {[%clk 0:13:38]} 25. Rc7 Rd5
{[%clk 0:11:35]} 26. Re1 {[%clk 0:36:08]} Ke8 27. Rxe6+ {[%clk 0:35:56]} fxe6
{[%clk 0:12:04]} 28. Rxg7 {[%clk 0:36:18]} Rf5 {[%clk 0:08:57]} 29. Ne5
{[%clk 0:36:03]} Rd8 {[%clk 0:08:24]} 30. Rxb7 {[%clk 0:31:53]} Rxd4
{[%clk 0:08:04]} 31. g3 {[%clk 0:30:47]} Rxa4 {[%clk 0:06:44]} 32. Rc7
{[%clk 0:30:08]} Rb4 {[%clk 0:04:09]} 33. Rxc6 {[%clk 0:30:15]} Rxb2
{[%clk 0:04:33]} 34. Rxe6+ {[%clk 0:26:30]} Kd8 {[%clk 0:04:28]} 35. Ra6
{[%clk 0:26:51]} Ra2 {[%clk 0:03:31]} 36. Rxh6 Kc7 {[%clk 0:03:59]} 37. Rc6+
{[%clk 0:19:45]} Kb7 {[%clk 0:03:13]} 38. Rc1 {[%clk 0:16:59]} Rf8
{[%clk 0:02:22]} 39. h4 {[%clk 0:46:06]} Rd8 {[%clk 0:31:57]} 40. Rb1+
{[%clk 0:39:53]} Kc7 41. h5 {[%clk 0:39:53]} a4 {[%clk 0:29:25]} 42. Rc1+
{[%clk 0:38:20]} Kb6 {[%clk 0:25:54]} 43. g4 {[%clk 0:37:20]} a3 {[%clk 0:22:54]}
44. h6 {[%clk 0:37:08]} Kb5 {[%clk 0:06:25]} 45. g5 {[%clk 0:36:29]} Rad2
{[%clk 0:04:10]} 46. h7 {[%clk 0:36:03]} a2 {[%clk 0:02:50]} 47. g6
{[%clk 0:28:56]} Rd1+ {[%clk 0:01:01]} 48. Rxd1 {[%clk 0:29:17]} Rxd1+
{[%clk 0:01:28]} 49. Kg2 {[%clk 0:29:35]} a1=Q {[%clk 0:01:04]} 50. h8=Q
{[%clk 0:29:54]} Qb2+ {[%clk 0:01:10]} 51. Kf3 {[%clk 0:28:51]} Qb3+
{[%clk 0:00:54]} 52. Kg4 {[%clk 0:28:29]} Qe6+ {[%clk 0:01:04]} 53. Kg3
{[%clk 0:26:49]} Qb3+ {[%clk 0:00:45]} 54. Kg4 {[%clk 0:26:46]} Qe6+
{[%clk 0:00:54]} 55. Kg3 {[%clk 0:26:54]} 1/2-1/2

[Event "Agen 2017 - Open B"]
[Site "?"]
[Date "2017.08.24"]
[Round "6.3"]
[White "Lucbernet, Thomas"]
[Black "Kozlowski, Thierry"]
[Result "0-1"]
[LiveChessVersion "1.4.8"]
[BlackElo "1976"]
[WhiteElo "1907"]

1. Nf3 {[%clk 1:30:48]} c5 {[%clk 1:30:56]} 2. c4 {[%clk 1:30:11]} b6
{[%clk 1:30:48]} 3. Nc3 {[%clk 1:29:04]} Bb7 {[%clk 1:30:32]} 4. e4
{[%clk 1:25:39]} e6 {[%clk 1:28:35]} 5. Be2 {[%clk 1:18:43]} d6 {[%clk 1:24:46]}
6. d4 {[%clk 1:17:31]} cxd4 {[%clk 1:25:12]} 7. Nxd4 {[%clk 1:17:10]} Nf6
{[%clk 1:25:11]} 8. Bf3 {[%clk 1:11:08]} Nbd7 {[%clk 1:24:54]} 9. O-O
{[%clk 1:09:26]} a6 {[%clk 1:25:01]} 10. b3 {[%clk 1:05:29]} Be7 {[%clk 1:24:07]}
11. Bb2 {[%clk 1:05:39]} Ne5 {[%clk 1:22:39]} 12. Re1 {[%clk 1:02:23]} Rc8
{[%clk 1:21:28]} 13. Qe2 {[%clk 0:59:10]} h5 {[%clk 1:19:10]} 14. Rad1
{[%clk 0:58:22]} g5 {[%clk 1:19:07]} 15. Qd2 {[%clk 0:48:20]} Rg8
{[%clk 1:12:27]} 16. Be2 {[%clk 0:46:37]} g4 {[%clk 1:08:32]} 17. Qe3
{[%clk 0:39:28]} Nfd7 {[%clk 1:06:31]} 18. Nd5 {[%clk 0:35:45]} exd5
{[%clk 0:59:23]} 19. exd5 {[%clk 0:36:03]} Bg5 {[%clk 0:45:52]} 20. Qc3
{[%clk 0:25:14]} Kf8 {[%clk 0:45:03]} 21. f4 {[%clk 0:23:33]} gxf3
{[%clk 0:40:30]} 22. Bxf3 {[%clk 0:20:03]} b5 {[%clk 0:33:51]} 23. Rf1
{[%clk 0:15:50]} Bf6 {[%clk 0:25:31]} 24. Kh1 {[%clk 0:14:35]} bxc4
{[%clk 0:24:16]} 25. Qe3 {[%clk 0:10:45]} Bg5 {[%clk 0:21:29]} 26. Qe4
{[%clk 0:05:45]} Nf6 {[%clk 0:13:17]} 27. Qf5 {[%clk 0:05:38]} Rc5
{[%clk 0:07:48]} 28. bxc4 {[%clk 0:04:29]} Bc8 {[%clk 0:07:28]} 29. Ne6+
{[%clk 0:03:44]} fxe6 {[%clk 0:05:54]} 30. dxe6 {[%clk 0:03:57]} Nf7
{[%clk 0:05:21]} 31. Qxc5 {[%clk 0:03:03]} dxc5 {[%clk 0:05:40]} 32. exf7
{[%clk 0:03:06]} Qb6 {[%clk 0:05:10]} 33. fxg8=Q+ {[%clk 0:03:19]} Kxg8
{[%clk 0:05:07]} 34. Bc3 {[%clk 0:01:16]} Be6 {[%clk 0:05:08]} 35. Rb1
{[%clk 0:01:13]} Qd8 {[%clk 0:04:58]} 36. Be5 {[%clk 0:00:59]} Qd3
{[%clk 0:04:19]} 37. Rfd1 {[%clk 0:00:58]} Qxc4 {[%clk 0:04:24]} 38. Rb8+
{[%clk 0:00:45]} Kh7 {[%clk 0:03:52]} 39. Rb7+ {[%clk 0:00:43]} Kg6
{[%clk 0:31:00]} 40. Rb2 {[%clk 0:17:53]} Ng4 {[%clk 0:25:55]} 41. Bg3
{[%clk 0:12:33]} h4 {[%clk 0:08:06]} 42. Be2 Qc3 {[%clk 0:06:52]} 43. Rb6
{[%clk 0:06:57]} Ne3 {[%clk 0:06:52]} 44. Rxe6+ {[%clk 0:06:31]} Kf5
{[%clk 0:05:43]} 45. Rxe3 {[%clk 0:03:32]} Qxe3 {[%clk 0:04:28]} 46. Bd3+
{[%clk 0:03:51]} Kg4 {[%clk 0:03:01]} 47. Be1 {[%clk 0:02:26]} Bf6
{[%clk 0:03:25]} 48. Bg6 {[%clk 0:01:33]} Qe2 {[%clk 0:01:53]} 49. h3+
{[%clk 0:00:43]} Kg5 {[%clk 0:02:08]} 50. Bxh4+ {[%clk 0:00:43]} Kxh4
{[%clk 0:01:55]} 51. Rc1 {[%clk 0:00:32]} Kg3 {[%clk 0:01:39]} 52. Rg1
{[%clk 0:00:33]} Bd4 {[%clk 0:01:53]} 53. Rb1 {[%clk 0:00:35]} Qxg2#
{[%clk 0:02:14]} 0-1

[Event "Agen 2017 - Open B"]
[Site "?"]
[Date "2017.08.24"]
[Round "6.4"]
[White "Ferret-Leger, Gaspard"]
[Black "Coiffait, Casimir"]
[Result "1/2-1/2"]
[LiveChessVersion "1.4.8"]
[BlackElo "1903"]
[WhiteElo "1910"]

1. c4 {[%clk 1:30:59]} e5 {[%clk 1:30:53]} 2. Nc3 {[%clk 1:31:25]} Nc6
{[%clk 1:31:19]} 3. Nf3 {[%clk 1:31:43]} f5 {[%clk 1:31:37]} 4. g3
{[%clk 1:31:48]} Nf6 {[%clk 1:32:01]} 5. d4 {[%clk 1:31:53]} e4 {[%clk 1:32:25]}
6. Nh4 {[%clk 1:32:19]} d5 {[%clk 1:24:46]} 7. Bg5 {[%clk 1:28:04]} Be7
{[%clk 1:02:38]} 8. e3 {[%clk 1:18:52]} Ng4 {[%clk 0:40:20]} 9. Bxe7
{[%clk 1:06:11]} Nxe7 {[%clk 0:40:43]} 10. cxd5 {[%clk 1:03:54]} Nxd5
{[%clk 0:40:27]} 11. Bc4 {[%clk 1:02:43]} c6 {[%clk 0:28:19]} 12. Qb3
{[%clk 0:50:58]} Ngf6 {[%clk 0:27:34]} 13. a4 {[%clk 0:40:11]} Qd6
{[%clk 0:17:59]} 14. Ng2 {[%clk 0:31:57]} b6 {[%clk 0:11:18]} 15. Nf4
{[%clk 0:30:00]} Nxf4 {[%clk 0:10:07]} 16. gxf4 {[%clk 0:28:52]} Ke7
{[%clk 0:10:31]} 17. Rd1 {[%clk 0:26:36]} Rd8 {[%clk 0:03:45]} 18. d5
{[%clk 0:25:01]} Bb7 {[%clk 0:03:44]} 19. dxc6 {[%clk 0:23:28]} Qxc6
{[%clk 0:04:09]} 20. O-O {[%clk 0:22:07]} Rac8 {[%clk 0:01:34]} 21. Bb5
{[%clk 0:21:20]} Qc5 {[%clk 0:01:45]} 22. Rc1 {[%clk 0:18:43]} Bd5
{[%clk 0:01:06]} 23. Nxd5+ {[%clk 0:16:08]} Qxd5 {[%clk 0:01:31]} 24. Bc4
{[%clk 0:15:44]} Qb7 {[%clk 0:00:48]} 25. Qb4+ {[%clk 0:12:53]} Ke8
{[%clk 0:01:17]} 26. a5 {[%clk 0:09:50]} Rc7 {[%clk 0:00:33]} 27. Qb5+
{[%clk 0:07:57]} Kf8 {[%clk 0:00:49]} 28. Qxf5 {[%clk 0:06:30]} Rc5
{[%clk 0:00:44]} 29. Qe6 {[%clk 0:04:09]} Rdc8 {[%clk 0:00:43]} 30. Qd6+
{[%clk 0:02:02]} Ke8 {[%clk 0:00:39]} 31. Qe6+ {[%clk 0:01:08]} Kf8
{[%clk 0:01:08]} 32. Qd6+ {[%clk 0:01:26]} Ke8 {[%clk 0:01:37]} 33. Qe6+
{[%clk 0:01:49]} Kf8 {[%clk 0:02:05]} 1/2-1/2

[Event "Agen 2017 - Open C"]
[Site "?"]
[Date "2017.08.24"]
[Round "6.1"]
[White "Jackson, Edgar"]
[Black "Lebreton, Tristan"]
[Result "1/2-1/2"]
[LiveChessVersion "1.4.8"]
[BlackElo "1759"]
[WhiteElo "1641"]

1. d4 {[%clk 1:30:56]} Nf6 {[%clk 1:28:10]} 2. Bg5 {[%clk 1:30:15]} d5
{[%clk 1:25:13]} 3. Bxf6 {[%clk 1:30:38]} gxf6 {[%clk 1:25:10]} 4. e3
{[%clk 1:29:43]} c5 {[%clk 1:24:16]} 5. dxc5 {[%clk 1:24:19]} Nc6
{[%clk 1:22:58]} 6. c3 {[%clk 1:19:39]} e6 {[%clk 1:21:51]} 7. g3
{[%clk 1:13:28]} Bxc5 {[%clk 1:16:30]} 8. Bg2 {[%clk 1:13:26]} Bd7
{[%clk 1:11:57]} 9. Ne2 {[%clk 1:11:05]} f5 {[%clk 0:59:21]} 10. Nf4
{[%clk 1:02:49]} Ne5 {[%clk 0:58:34]} 11. Qh5 {[%clk 0:43:26]} Qf6
{[%clk 0:54:01]} 12. O-O {[%clk 0:39:45]} Ng6 {[%clk 0:49:16]} 13. Nd3
{[%clk 0:35:32]} Bd6 {[%clk 0:49:25]} 14. Rd1 {[%clk 0:34:54]} Bc6
{[%clk 0:45:40]} 15. Ne1 {[%clk 0:23:28]} O-O-O {[%clk 0:40:59]} 16. a4
{[%clk 0:21:40]} Be7 {[%clk 0:40:17]} 17. Na3 {[%clk 0:19:15]} Bxa4
{[%clk 0:12:14]} 18. Nac2 {[%clk 0:18:53]} Bxc2 {[%clk 0:12:34]} 19. Nxc2
{[%clk 0:19:17]} Bc5 {[%clk 0:12:00]} 20. Nd4 {[%clk 0:16:20]} Ne5
{[%clk 0:11:25]} 21. b4 {[%clk 0:08:21]} Bb6 {[%clk 0:10:26]} 22. Nb5
{[%clk 0:06:58]} Kb8 {[%clk 0:10:43]} 23. Qe2 {[%clk 0:05:48]} Nc4
{[%clk 0:10:41]} 24. Nd4 {[%clk 0:05:35]} Nd6 {[%clk 0:09:09]} 25. Qc2
{[%clk 0:04:21]} Rc8 {[%clk 0:08:50]} 26. Qb3 {[%clk 0:04:26]} Rc7
{[%clk 0:05:01]} 27. Qa3 {[%clk 0:03:15]} h5 {[%clk 0:04:17]} 28. h4
{[%clk 0:03:40]} Rhc8 {[%clk 0:03:45]} 29. b5 {[%clk 0:04:02]} Qe7
{[%clk 0:02:59]} 30. Rdc1 {[%clk 0:03:44]} Nc4 {[%clk 0:03:03]} 31. Qa2
{[%clk 0:03:22]} Nd6 {[%clk 0:01:59]} 32. Qe2 {[%clk 0:03:26]} Rxc3
{[%clk 0:01:15]} 33. Rxc3 {[%clk 0:03:52]} Rxc3 {[%clk 0:01:40]} 34. Qxh5
{[%clk 0:04:08]} f4 {[%clk 0:01:33]} 35. Qh8+ {[%clk 0:04:15]} Rc8
{[%clk 0:01:48]} 36. Qe5 {[%clk 0:04:21]} Bxd4 {[%clk 0:00:51]} 37. exd4
{[%clk 0:03:29]} fxg3 {[%clk 0:01:03]} 38. fxg3 {[%clk 0:03:44]} Qc7
{[%clk 0:00:57]} 39. Qe2 {[%clk 0:02:43]} Qc4 40. Qe5 {[%clk 0:31:52]} Qc7
{[%clk 0:31:23]} 41. Qe2 {[%clk 0:32:06]} Nf5 {[%clk 0:22:20]} 42. Qe5
{[%clk 0:23:18]} Qxe5 {[%clk 0:19:05]} 43. dxe5 {[%clk 0:22:34]} Nxg3
{[%clk 0:19:33]} 44. Ra3 {[%clk 0:16:30]} Nf5 {[%clk 0:17:01]} 45. h5
{[%clk 0:15:19]} Rh8 {[%clk 0:09:53]} 46. Rh3 {[%clk 0:15:00]} Kc7
{[%clk 0:10:04]} 47. Bf3 {[%clk 0:14:40]} Kb6 {[%clk 0:10:01]} 48. Be2
{[%clk 0:12:18]} Nd4 {[%clk 0:08:49]} 49. Bd3 {[%clk 0:12:40]} Nxb5
{[%clk 0:09:10]} 50. h6 {[%clk 0:13:06]} Nd4 {[%clk 0:09:35]} 51. h7
{[%clk 0:13:24]} Nf5 {[%clk 0:10:02]} 52. Kf2 {[%clk 0:11:43]} Kc7
{[%clk 0:03:38]} 53. Kf3 {[%clk 0:12:06]} Kd7 {[%clk 0:03:31]} 54. Kf4
{[%clk 0:12:30]} Ke7 {[%clk 0:02:37]} 55. Kg5 {[%clk 0:11:43]} a5
{[%clk 0:02:14]} 56. Bb5 {[%clk 0:08:41]} Nd4 {[%clk 0:02:17]} 57. Ba4
{[%clk 0:07:35]} b5 {[%clk 0:02:30]} 58. Bxb5 {[%clk 0:06:07]} Nxb5 1/2-1/2

[Event "Agen 2017 - Open C"]
[Site "?"]
[Date "2017.08.24"]
[Round "6.2"]
[White "Jackson, Daniel"]
[Black "Robert, Yoann"]
[Result "1/2-1/2"]
[LiveChessVersion "1.4.8"]
[BlackElo "1720"]
[WhiteElo "1754"]

1. e4 {[%clk 1:30:56]} c5 {[%clk 1:30:24]} 2. Nf3 {[%clk 1:31:16]} Nc6
{[%clk 1:30:19]} 3. d4 {[%clk 1:31:22]} cxd4 {[%clk 1:29:43]} 4. Nxd4
{[%clk 1:31:44]} e5 {[%clk 1:29:35]} 5. Nf3 {[%clk 1:31:02]} Nf6 {[%clk 1:28:30]}
6. Nc3 {[%clk 1:31:21]} Bb4 {[%clk 1:27:56]} 7. Bc4 {[%clk 1:15:45]} O-O
{[%clk 1:25:10]} 8. Bg5 {[%clk 1:11:36]} h6 {[%clk 1:22:06]} 9. Bxf6
{[%clk 1:11:46]} Qxf6 {[%clk 1:22:24]} 10. Qd3 {[%clk 1:11:24]} Bxc3+
{[%clk 1:21:22]} 11. Qxc3 {[%clk 1:10:50]} d6 {[%clk 1:21:02]} 12. O-O-O
{[%clk 1:07:33]} Bg4 {[%clk 1:18:50]} 13. Rd2 {[%clk 1:05:45]} Bxf3
{[%clk 1:18:53]} 14. gxf3 {[%clk 1:06:05]} Nd4 {[%clk 1:18:48]} 15. Be2
{[%clk 1:04:54]} Rac8 {[%clk 1:18:33]} 16. Qd3 {[%clk 1:05:05]} b5
{[%clk 1:16:51]} 17. Kb1 {[%clk 1:04:55]} b4 {[%clk 1:16:54]} 18. c3
{[%clk 1:03:55]} bxc3 {[%clk 1:17:02]} 19. bxc3 {[%clk 1:04:16]} Nb5
{[%clk 1:17:16]} 20. Rc1 {[%clk 1:03:31]} Qe6 {[%clk 1:13:20]} 21. Ka1
{[%clk 1:02:51]} Rc5 {[%clk 1:04:46]} 22. a4 {[%clk 0:58:14]} Nd4
{[%clk 1:04:06]} 23. Bd1 {[%clk 0:53:37]} Rfc8 {[%clk 1:03:41]} 24. Rb2
{[%clk 0:50:13]} Qc4 {[%clk 1:02:28]} 25. Qxc4 {[%clk 0:50:00]} Rxc4
{[%clk 1:02:48]} 26. Rb7 {[%clk 0:50:18]} Rxc3 {[%clk 1:02:42]} 27. Rxc3
{[%clk 0:50:04]} Rxc3 {[%clk 1:03:07]} 28. Kb2 {[%clk 0:50:19]} Rd3
{[%clk 1:03:17]} 29. Kc1 {[%clk 0:49:42]} a5 {[%clk 1:02:57]} 30. Ra7
{[%clk 0:49:55]} Rc3+ {[%clk 1:03:14]} 31. Kd2 {[%clk 0:49:55]} Rc5
{[%clk 1:01:07]} 32. Rd7 {[%clk 0:49:54]} Rc6 {[%clk 1:01:05]} 33. Ra7
{[%clk 0:50:19]} Rc5 {[%clk 1:00:56]} 34. Rd7 {[%clk 0:50:40]} Rc6
{[%clk 1:00:58]} 35. Ra7 {[%clk 0:50:26]} Rc5 {[%clk 1:01:22]} 36. Rd7
{[%clk 0:50:55]} Rc6 1/2-1/2

[Event "Agen 2017 - Open C"]
[Site "?"]
[Date "2017.08.24"]
[Round "6.3"]
[White "Perlant, Matthieu"]
[Black "Pobedonostzeff, Franck"]
[Result "0-1"]
[LiveChessVersion "1.4.8"]
[BlackElo "1743"]
[WhiteElo "1697"]

1. e4 {[%clk 1:30:56]} e6 {[%clk 1:30:48]} 2. d4 {[%clk 1:31:16]} d5
{[%clk 1:31:12]} 3. Nc3 {[%clk 1:31:39]} Bb4 {[%clk 1:31:33]} 4. e5
{[%clk 1:31:33]} Qd7 {[%clk 1:31:56]} 5. Bd2 {[%clk 1:30:45]} b6 {[%clk 1:31:14]}
6. Bb5 {[%clk 1:26:58]} c6 {[%clk 1:31:32]} 7. Ba4 {[%clk 1:27:20]} a5
{[%clk 1:29:49]} 8. a3 {[%clk 1:24:36]} Bf8 {[%clk 1:30:09]} 9. Nf3
{[%clk 1:18:43]} Ba6 {[%clk 1:23:05]} 10. Ne2 {[%clk 1:18:09]} Bxe2
{[%clk 1:22:22]} 11. Qxe2 {[%clk 1:18:05]} b5 {[%clk 1:21:36]} 12. Bb3
{[%clk 1:18:29]} c5 {[%clk 1:21:29]} 13. c3 {[%clk 1:14:39]} Nc6 {[%clk 1:16:59]}
14. dxc5 {[%clk 1:03:48]} Bxc5 {[%clk 1:17:20]} 15. Qxb5 {[%clk 0:59:44]} Nxe5
{[%clk 1:17:39]} 16. Qxd7+ {[%clk 0:56:06]} Nxd7 {[%clk 1:18:02]} 17. Ba4
{[%clk 0:55:14]} Ngf6 {[%clk 1:14:39]} 18. Ne5 {[%clk 0:53:36]} Ra7
{[%clk 1:13:59]} 19. O-O {[%clk 0:52:05]} O-O {[%clk 1:13:02]} 20. Nxd7
{[%clk 0:50:06]} Nxd7 {[%clk 1:13:29]} 21. Bxd7 {[%clk 0:44:57]} Rxd7
{[%clk 1:13:57]} 22. b4 {[%clk 0:42:50]} Bb6 {[%clk 1:12:16]} 23. a4
{[%clk 0:36:05]} Rc8 {[%clk 1:12:16]} 24. Rfc1 {[%clk 0:36:05]} Rc4
{[%clk 1:12:16]} 25. Be3 {[%clk 0:36:05]} Bd8 {[%clk 1:12:16]} 26. Bc5
{[%clk 0:36:05]} Bf6 {[%clk 1:12:16]} 27. Bb6 {[%clk 0:36:05]} Bxc3
{[%clk 1:12:16]} 28. Bxa5 {[%clk 0:36:05]} Bxa1 {[%clk 1:12:16]} 29. Rxa1
{[%clk 0:36:05]} d4 {[%clk 1:12:16]} 30. Kf1 {[%clk 0:36:05]} d3 {[%clk 1:12:16]}
31. b5 {[%clk 0:36:05]} d2 {[%clk 1:12:16]} 32. Rd1 {[%clk 0:36:05]} Rxa4
{[%clk 1:12:16]} 33. Bxd2 {[%clk 0:36:05]} Rb4 {[%clk 1:12:16]} 34. Ke1
{[%clk 0:36:05]} Rxb5 {[%clk 1:12:16]} 35. Rc1 {[%clk 0:36:05]} f5
{[%clk 1:12:16]} 36. g3 {[%clk 0:36:05]} Re5+ {[%clk 1:12:16]} 37. Be3
{[%clk 0:36:05]} Kf7 {[%clk 1:12:16]} 38. h4 {[%clk 0:36:05]} h6 {[%clk 1:12:16]}
39. Ke2 {[%clk 0:36:05]} g5 {[%clk 1:12:16]} 40. Rc4 {[%clk 0:36:05]} g4
{[%clk 1:12:16]} 41. Kf1 {[%clk 0:36:05]} Red5 {[%clk 1:12:16]} 42. Bxh6
{[%clk 0:36:05]} Rd4 {[%clk 1:12:16]} 43. Rc2 {[%clk 0:36:05]} Re4
{[%clk 1:12:16]} 44. Be3 {[%clk 0:36:05]} e5 {[%clk 1:12:16]} 45. Bg5
{[%clk 0:36:05]} Rd1+ {[%clk 1:12:16]} 46. Kg2 {[%clk 0:36:05]} Ree1 47. f4
{[%clk 0:08:50]} e4 {[%clk 0:47:58]} 48. Ra2 {[%clk 0:02:28]} e3 {[%clk 0:42:43]}
49. Ra7+ {[%clk 0:02:48]} Ke6 {[%clk 0:43:00]} 50. Ra6+ {[%clk 0:01:08]} Kd7
{[%clk 0:43:06]} 51. Ra7+ {[%clk 0:01:16]} Kc6 {[%clk 0:43:28]} 52. Ra8 Rd2# 0-1

[Event "Agen 2017 - Open C"]
[Site "?"]
[Date "2017.08.24"]
[Round "6.4"]
[White "Rihouey, Franck"]
[Black "Van Den Brande, Norman"]
[Result "1-0"]
[LiveChessVersion "1.4.8"]
[BlackElo "1503"]
[WhiteElo "1781"]

1. d4 {[%clk 1:30:58]} Nf6 {[%clk 1:30:52]} 2. Nf3 {[%clk 1:31:20]} g6
{[%clk 1:31:16]} 3. Nc3 {[%clk 1:31:27]} Bg7 {[%clk 1:31:40]} 4. e4
{[%clk 1:31:48]} d6 {[%clk 1:32:01]} 5. Be3 {[%clk 1:32:11]} O-O {[%clk 1:31:54]}
6. Qd2 {[%clk 1:32:27]} Nbd7 {[%clk 1:32:18]} 7. Bh6 {[%clk 1:30:10]} e5
{[%clk 1:31:12]} 8. Bxg7 {[%clk 1:30:05]} Kxg7 {[%clk 1:28:58]} 9. dxe5
{[%clk 1:29:18]} Nxe5 {[%clk 1:28:25]} 10. Nxe5 {[%clk 1:29:32]} dxe5
{[%clk 1:28:46]} 11. O-O-O {[%clk 1:29:53]} Be6 {[%clk 1:28:26]} 12. Qg5
{[%clk 1:27:13]} Nd7 {[%clk 1:26:15]} 13. Qe3 {[%clk 1:24:21]} Qe7
{[%clk 1:25:11]} 14. Nd5 {[%clk 1:22:37]} Bxd5 {[%clk 1:23:05]} 15. Rxd5
{[%clk 1:21:57]} Nb6 {[%clk 1:22:51]} 16. Rd1 {[%clk 1:19:34]} Rad8
{[%clk 1:21:43]} 17. Be2 {[%clk 1:19:26]} Qe6 {[%clk 1:14:58]} 18. Kb1
{[%clk 1:15:32]} a6 {[%clk 1:13:50]} 19. Qc3 {[%clk 1:12:57]} Qe7
{[%clk 1:13:09]} 20. f4 {[%clk 1:03:16]} f6 {[%clk 1:12:24]} 21. Rxd8
{[%clk 0:55:24]} Rxd8 {[%clk 1:12:21]} 22. fxe5 {[%clk 0:55:43]} fxe5
{[%clk 1:12:06]} 23. Rf1 {[%clk 0:54:57]} Rd4 {[%clk 1:08:01]} 24. Qf3
{[%clk 0:49:39]} Nd7 {[%clk 1:04:20]} 25. c3 {[%clk 0:43:26]} Rd6
{[%clk 1:04:40]} 26. Qe3 {[%clk 0:35:18]} Nf6 {[%clk 1:01:43]} 27. g4
{[%clk 0:31:28]} Qe6 {[%clk 0:58:36]} 28. g5 {[%clk 0:29:09]} Nd7
{[%clk 0:52:45]} 29. h4 {[%clk 0:28:35]} Nf8 {[%clk 0:48:00]} 30. Qf2
{[%clk 0:19:16]} Rd8 {[%clk 0:45:27]} 31. b3 {[%clk 0:13:51]} b5 {[%clk 0:44:54]}
32. h5 {[%clk 0:07:32]} Nd7 {[%clk 0:44:05]} 33. h6+ {[%clk 0:06:46]} Kg8
{[%clk 0:43:56]} 34. Bg4 {[%clk 0:05:29]} Qe7 {[%clk 0:43:27]} 35. Bxd7
{[%clk 0:05:10]} Rxd7 {[%clk 0:39:55]} 36. Kc2 {[%clk 0:04:29]} Qa3
{[%clk 0:36:36]} 37. Kb1 {[%clk 0:04:04]} Qe7 {[%clk 0:36:09]} 38. Kc2
{[%clk 0:04:13]} Qa3 {[%clk 0:36:33]} 39. Kb1 {[%clk 0:04:39]} Qe7
{[%clk 0:36:58]} 40. b4 {[%clk 0:34:03]} Qd6 {[%clk 1:00:28]} 41. Kc1
{[%clk 0:30:09]} Qe7 {[%clk 0:59:30]} 42. Kc2 {[%clk 0:24:55]} Qd6
{[%clk 0:59:05]} 43. Qf6 {[%clk 0:18:40]} Qd3+ {[%clk 0:56:54]} 44. Kb2
{[%clk 0:15:54]} Qe2+ {[%clk 0:56:06]} 45. Ka3 {[%clk 0:13:17]} 1-0

[Event "Agen 2017 - Open D"]
[Site "?"]
[Date "2017.08.24"]
[Round "6.1"]
[White "Fossella, Manuel"]
[Black "Rubio, Valentin"]
[Result "1/2-1/2"]
[LiveChessVersion "1.4.8"]
[BlackElo "1439"]
[WhiteElo "1455"]

1. e4 {[%clk 1:30:29]} e6 {[%clk 1:30:55]} 2. d4 {[%clk 1:30:34]} d5
{[%clk 1:31:15]} 3. exd5 {[%clk 1:30:54]} exd5 {[%clk 1:31:25]} 4. Nc3
{[%clk 1:30:41]} c6 {[%clk 1:19:25]} 5. Nf3 {[%clk 1:30:41]} Bd6 {[%clk 1:19:00]}
6. Bd3 {[%clk 1:30:32]} Ne7 {[%clk 1:17:49]} 7. Ne2 {[%clk 1:27:39]} Nd7
{[%clk 1:12:41]} 8. Ng3 {[%clk 1:26:52]} Ng6 {[%clk 1:09:55]} 9. Nf5
{[%clk 1:26:24]} O-O {[%clk 1:05:48]} 10. Nxd6 {[%clk 1:26:37]} Qe7+
{[%clk 1:06:12]} 11. Qe2 {[%clk 1:23:08]} Qxd6 {[%clk 1:06:08]} 12. O-O
{[%clk 1:16:51]} Nf6 {[%clk 1:02:39]} 13. Bg5 {[%clk 1:16:28]} Bg4
{[%clk 0:59:53]} 14. Qd1 {[%clk 1:14:45]} h6 {[%clk 0:58:09]} 15. Bxf6
{[%clk 1:13:17]} Qxf6 {[%clk 0:57:22]} 16. h3 {[%clk 1:10:46]} Bxf3
{[%clk 0:53:46]} 17. Qxf3 {[%clk 1:11:10]} Qxf3 {[%clk 0:54:09]} 18. gxf3
{[%clk 1:11:36]} Nf4 {[%clk 0:54:07]} 19. Kh2 {[%clk 1:11:02]} Rfe8
{[%clk 0:53:12]} 20. Rfe1 {[%clk 1:10:32]} Nxd3 {[%clk 0:49:56]} 21. cxd3
{[%clk 1:10:55]} Kf8 {[%clk 0:48:50]} 22. Re3 {[%clk 1:11:12]} Re6
{[%clk 0:45:36]} 23. Rae1 {[%clk 1:10:43]} Rxe3 {[%clk 0:39:58]} 24. fxe3
{[%clk 1:11:04]} Rd8 {[%clk 0:37:02]} 25. Kg3 {[%clk 1:08:29]} Ke7
{[%clk 0:34:44]} 26. h4 {[%clk 1:08:17]} f5 {[%clk 0:30:29]} 27. Kf4
{[%clk 1:07:57]} g6 {[%clk 0:21:20]} 28. Ke5 {[%clk 1:03:04]} Kf7
{[%clk 0:19:28]} 29. e4 {[%clk 1:02:53]} b6 {[%clk 0:18:31]} 30. h5
{[%clk 1:01:49]} fxe4 {[%clk 0:14:41]} 31. hxg6+ {[%clk 1:02:04]} Kxg6
{[%clk 0:14:48]} 32. Rg1+ {[%clk 1:02:07]} Kf7 {[%clk 0:12:19]} 33. dxe4
{[%clk 1:02:31]} c5 {[%clk 0:06:53]} 34. dxc5 {[%clk 1:01:49]} dxe4
{[%clk 0:07:09]} 35. cxb6 {[%clk 1:01:09]} axb6 {[%clk 0:06:09]} 36. fxe4
{[%clk 1:01:16]} Rd2 {[%clk 0:05:21]} 37. Rb1 {[%clk 1:00:43]} Kg6
{[%clk 0:03:17]} 38. a4 {[%clk 1:00:39]} h5 {[%clk 0:02:04]} 39. b4
{[%clk 1:01:02]} Ra2 {[%clk 0:01:36]} 40. Rc1 {[%clk 1:31:11]} Rxa4
{[%clk 0:31:23]} 41. Rc6+ {[%clk 1:31:36]} Kg5 {[%clk 0:31:08]} 42. Rxb6
{[%clk 1:32:01]} Kg4 {[%clk 0:30:40]} 43. Rg6+ {[%clk 1:31:57]} Kf3
{[%clk 0:30:26]} 44. Rf6+ {[%clk 1:29:17]} Ke3 {[%clk 0:30:31]} 45. Kf5
{[%clk 1:26:01]} Rxb4 {[%clk 0:29:27]} 46. e5 {[%clk 1:25:37]} Rb5
{[%clk 0:28:36]} 47. Rh6 {[%clk 1:25:16]} Kd4 {[%clk 0:28:51]} 48. Rd6+
{[%clk 1:24:37]} Ke3 {[%clk 0:27:01]} 49. Kf6 {[%clk 1:25:00]} Kf4
{[%clk 0:16:33]} 50. Rd4+ {[%clk 1:24:44]} Kg3 {[%clk 0:12:32]} 51. e6
{[%clk 1:25:05]} Rb6 {[%clk 0:11:44]} 52. Kf7 {[%clk 1:25:15]} h4
{[%clk 0:11:46]} 53. e7 {[%clk 1:25:32]} Rb7 {[%clk 0:12:12]} 54. Kf8
{[%clk 1:25:37]} Rxe7 {[%clk 0:12:36]} 55. Kxe7 {[%clk 1:26:02]} h3
{[%clk 0:13:02]} 1/2-1/2